Pays de l'empire allemand - Statistiques

Statistiques générales
  • Ce quiz a été pris 167 fois
  • Le résultat moyen est 30 sur 52
Statistiques - réponses
Pourcentage Pays % Correct
100% France
99%
100% Pologne
98%
100% Autriche
92%
100% Allemagne
91%
100% Danemark
91%
100% Belgique
89%
4% Russie
89%
36% République Tchèque
85%
100% Pays-Bas
84%
~70% Italie
82%
100% Lituanie
81%
100% Luxembourg
81%
100% Slovaquie
81%
100% Ukraine
79%
100% Estonie
78%
100% Lettonie
78%
35% Slovenie
75%
100% Bielorussie
74%
100% Norvège
74%
30% Croatie
72%
100% Serbie
72%
~1% Bosnie-Herzégovine
66%
45% Grèce
66%
~15% Macédoine du nord
59%
100% Monténégro
57%
100% Cameroun
56%
100% Namibie
56%
<1% Chine
51%
100% Moldavie
50%
~99% Tanzanie
50%
100% Togo
49%
~6% Égypte
48%
100% Monaco
47%
100% Vatican
46%
100% Saint Marin
43%
<1% Japon
39%
100% Tunisie
39%
100% Rwanda
38%
100% Burundi
35%
~20% Republique du Congo
35%
52% Papouasie-Nouvelle-Guinée
34%
<1% États-Unis
32%
12% Ghana
29%
10% Gabon
26%
~10% Nigeria
26%
100% Îles Marshall
22%
100% Palaos
22%
~2% Mozambique
21%
100% Samoa
21%
100% Micronesie
20%
100% Nauru
19%
15% Centrafrique
18%
Aucun quiz correspondant
Distribution des résultats
% des personnes avec chaque résultat
Percentile par nombre de réponses
Votre historique - résultats
Vous n’avez pas pris ce quiz